<?xml version="1.0" encoding="UTF-8"?>
<record
    xmlns:xsi="http://www.w3.org/2001/XMLSchema-instance"
    xsi:schemaLocation="http://www.loc.gov/MARC21/slim http://www.loc.gov/standards/marcxml/schema/MARC21slim.xsd"
    xmlns="http://www.loc.gov/MARC21/slim">

  <leader>02459nam a22002057a 4500</leader>
  <controlfield tag="003">OSt</controlfield>
  <controlfield tag="005">20231214132803.0</controlfield>
  <controlfield tag="008">140915b        xxu||||| |||| 00| 0 eng d</controlfield>
  <datafield tag="020" ind1=" " ind2=" ">
    <subfield code="a">9789988352448</subfield>
  </datafield>
  <datafield tag="040" ind1=" " ind2=" ">
    <subfield code="c">LC</subfield>
  </datafield>
  <datafield tag="050" ind1=" " ind2=" ">
    <subfield code="a">KRX2979.I61</subfield>
  </datafield>
  <datafield tag="245" ind1=" " ind2=" ">
    <subfield code="a">Intellectual property law in Ghana. /</subfield>
    <subfield code="c">[edited by] Richard Obeng Mensah.</subfield>
  </datafield>
  <datafield tag="260" ind1=" " ind2=" ">
    <subfield code="a">Accra:</subfield>
    <subfield code="c">2023.</subfield>
  </datafield>
  <datafield tag="300" ind1=" " ind2=" ">
    <subfield code="a">xxiv, 206p.:</subfield>
    <subfield code="c">22 cm.</subfield>
  </datafield>
  <datafield tag="500" ind1=" " ind2=" ">
    <subfield code="a">Includes index.</subfield>
  </datafield>
  <datafield tag="505" ind1=" " ind2=" ">
    <subfield code="a">Contents: Introduction to intellectual property -- Sources and purposes of intellectual property -- Branches of intellectual property and varieties of rights --Introduction to copyright law in Ghana -- Definition of copyright in Ghana -- Sources of copyright in Ghana -- Works protected under copyrights in Ghana -- Originality and fixation under Ghana&#x2019;s copyright -- Copyright authorship -- Rights protected under copyright in Ghana -- Exceptions to exclusive rights -- Duration of copyright in Ghana -- Copyrights infringements in Ghana -- Copyright enforcement in Ghana -- Folklore protection under copyright &#x2013; Conclusion -- Introduction to patent -- Nature, scope and purpose -- Requirements of patentability &#x2013; Invalidation -- Right to patentability &#x2013; Limitations -- Infringement and remedies -- Rationale/justification for the legal protection of trademarks -- Legally recognized functions of a trademark -- The meaning of trademark -- Application for registration -- Grounds for refusal of registration  -- Trademarks infringement, revocation and defences -- Defences available to the alleged infringer under -- Passing off -- Damage &#x2013; Defences &#x2013; Remedies -- Introduction to industrial designs &#x2013; Designs &#x2013; History -- Scope of current legislation -- Legal protection of industrial designs -- Registrable design &#x2013; Ownership -- Requirements for protection -- Common law position -- Rights in industrial designs -- Transfer of industrial design -- Nature and scope &#x2013; Rationale -- Legal basis for the law of breach of confidence -- The three major requirements &#x2013; Remedies &#x2013; Defences --The springboard doctrine -- Meaning of Gis and some key examples -- Existing legal regime for Gis protection and registration -- Registration and protection of Gis in Ghana -- Legal effect of international registration of Gis -- Criminal and civil proceedings -- Geographical indications act 2003 (act 659) -- </subfield>
  </datafield>
  <datafield tag="650" ind1=" " ind2=" ">
    <subfield code="a">Property Law.</subfield>
    <subfield code="9">2875</subfield>
  </datafield>
  <datafield tag="700" ind1=" " ind2=" ">
    <subfield code="a">Mensah, Obeng Richard</subfield>
    <subfield code="9">2876</subfield>
  </datafield>
  <datafield tag="942" ind1=" " ind2=" ">
    <subfield code="2">lcc</subfield>
    <subfield code="c">BK</subfield>
  </datafield>
  <datafield tag="999" ind1=" " ind2=" ">
    <subfield code="c">10246</subfield>
    <subfield code="d">17746</subfield>
  </datafield>
  <datafield tag="952" ind1=" " ind2=" ">
    <subfield code="0">0</subfield>
    <subfield code="1">0</subfield>
    <subfield code="2">lcc</subfield>
    <subfield code="4">0</subfield>
    <subfield code="7">0</subfield>
    <subfield code="a">WIUC-KL</subfield>
    <subfield code="b">WIUC-KL</subfield>
    <subfield code="c">LL</subfield>
    <subfield code="d">2023-12-12</subfield>
    <subfield code="l">0</subfield>
    <subfield code="o">KRX2979.I61</subfield>
    <subfield code="p">KSL/2551/753/23</subfield>
    <subfield code="r">2023-12-14 00:00:00</subfield>
    <subfield code="w">2023-12-14</subfield>
    <subfield code="y">BK</subfield>
  </datafield>
</record>
